000
00308nam a22001217a 4500
020
_a
9788123920542
082
_a
519
_b
SAR/AD
100
_a
Sarna, I.J.S
_9
259
245
_a
Advanced Engineering Mathmatics
260
_a
New Delhi
_b
CBS Publishers & Distributors Pvt. Ltd
_c
2012
300
_a
13.51
942
_c
BK
999
_c
14198
_d
14198